Otvorenie Domu európskych miest, obcí a regiónov v Bruseli

Bibliographic Details
Format: Article
Language:Slovak
PhysicalDescription:Fotogr.
Subjects:

MARC

LEADER 00000nab a2200000 a 4500
001 vtls009005921
003 SK-MaSNL
005 20260303065717.0
008 040806c2007 xo 0 slo
015 |a SNBRB2007/07 
040 |a SNKBUCL  |b slo  |c SNKBUCL  |e AACR2 
041 0 |a slo 
044 |a xo  |c SK 
080 |a 061.23(437.6)  |2 1997 
080 |a 327.39(4:437.6)  |2 1997 
245 0 0 |a Otvorenie Domu európskych miest, obcí a regiónov v Bruseli 
300 |b Fotogr. 
610 2 7 |a Dom európskych miest, obcí a regiónov (Brusel, Belgicko)  |2 snkbucl  |9 1066136 
650 0 7 |a otvorenie  |2 snkbucl  |9 765696 
655 7 |a články z novín a časopisov  |2 snkbucl  |9 267496 
773 0 |t Obecné noviny  |g Roč. XVII, č. 27 (2007), s. 3 
850 |a Slovenská národná knižnica v Martine 
852 |a SNK  |b KIS3GCP 
958 |a clsnk11 
958 |a clsnk11/07 
999 |c 1752312  |d 1754242